Регионална библиотека "Любен Каравелов" - Русе

Лунна светлина (Запис номер 490164)

MARC детайли
000 -Лидер
Контролно поле с фиксирана дължина 01114nam a2200289 a 4500
003 - Код на организацията, давaща контролен номер
Контролно поле BLK
005 - Дата и час на последна редакция
Контролно поле 20250722093558.0
008 - Елементи от данни с фиксирана дължина
fixed length control field 230324b bu |||||r|||| 00| | bu d
020 ## - Международен стандартен номер на книга ISBN
Международен стандартен номер на книга ISBN 9789542622369
040 ## - Източник на каталожния запис
Идентификатор на билиотеката - собственик на записа BLK
041 ## - Код за език
Код за езика на текст/звукозапис или на отделно заглавие Български
Код за езика КДБФ Български
080 ## - УДК
Текстов определител УДК Американска литература (на САЩ)
УДК код - определител по УДК 821.111(73)
УДК определител -31
УДК - код + определител 821.111(73)-31
100 ## - Редна дума - Автор
Автор Браун, Сандра
Дати, свързани с автора 1948-
Автор - информация (биография) Американска писателка
Авторска отговорност първи автор
R(LIN) 241650
139 ## - Редно поле
Редна дума Браун, Сандра
Авторски знак Брат - Б 78
245 ## - Сведения за заглавието
Заглавие Лунна светлина
Подзаглавни данни роман
Редно поле (дума) Сандра Браун ; прев. от англ. Илвана Гарабедян
260 ## - Област на издателските данни
9 (RLIN) 209439
Място на издаване, разпространение и проч. Пловдив
Име на издателя, разпространителя и проч. Хермес
Година на издаване 2023
Издателство - префикс ISBN 978-954-26- ; 978-954-459-
300 ## - Физическа характеристика
Страници 495 с.
Размери/Мащаб 21 см
380 ## - Жанр
Жанр Худож. лит.
700 ## - Други автори (авторска отговорност)
9 (RLIN) 365668
Лично име Гарабедян, Илвана Иванова
Автороска отговорност (Описва отношението между автора и произведението) прев. от англ.
852 ## - Местоположение
Форматна сигнатура Цб 317828
Фондова буква Хранилище
856 ## - Електронен адрес и достъп
Инструкция (цена за достъп) 0.00
Права за достъп disable
942 ## - АРТИКУЛИ
Вид на библиотечния материал Книги
Скрит в OPAC Не
Периодичен библиозапис Да
Koha issues (borrowed), all copies 91
944 ## - СЪЗДАВАНЕ И РЕДАКЦИЯ на ЗАПИСА
Създаване/Редакция Създаване
Дата на регистрацията/редакция 2023-03-24
Служител, извършил регистрацията/редакцията 30575
Статус, дата на статуса Мартин Енчев
999 ## - СИСТЕМНИ КОНТРОЛНИ НОМЕРА
Koha biblionumber 490164
Koha biblioitemnumber 490164
999 ## - СИСТЕМНИ КОНТРОЛНИ НОМЕРА
Koha biblioitemnumber 490164
999 ## - СИСТЕМНИ КОНТРОЛНИ НОМЕРА
Koha biblioitemnumber 490164
999 ## - СИСТЕМНИ КОНТРОЛНИ НОМЕРА
Koha biblioitemnumber 490164
Наличности
Код за отписване Код за изгубен артикул Източник на класификационната схема Код за повреда Коз за рестрикции Код за отдаване Артикулен № Име на библиотеката - собственик Име на библиотеката, в която се намира в момента Статус (Текущо местоположение) Дата на вписване в системата Местоположение - отдел Цена в лева Инвентарен номер Систематично азбучна сигнатура Баркод Цена в евро Служебен тип на артикула
  Не е изгубен Universal Decimal Classification Не е повреден без рестрикции заемане за дома 925941 Регионална библиотека "Любен Каравелов" Русе Регионална библиотека "Любен Каравелов" Русе Заемна - подръчен фонд 2023-03-29 Заемна - подръчен фонд 13.97 120000885037 821-31/Б 78 С 120000885037 7.14 Книги
  Не е изгубен Universal Decimal Classification Не е повреден без рестрикции заемане за дома 925942 Регионална библиотека "Любен Каравелов" Русе Регионална библиотека "Любен Каравелов" Русе Заемна - подръчен фонд 2023-03-29 Заемна - подръчен фонд 13.97 120000885036 821-31/Б 78 С 120000885036 7.14 Книги
  Не е изгубен Universal Decimal Classification Не е повреден само за читалня ползва се в читалня 928436 Регионална библиотека "Любен Каравелов" Русе Регионална библиотека "Любен Каравелов" Русе Хранилище 2023-05-12 Хранилище 19.95 120000887635 Цб 317828 120000887635 10.20 Книги
  Не е изгубен Universal Decimal Classification Не е повреден   заемане за дома 933391 Регионална библиотека "Любен Каравелов" Русе Регионална библиотека "Любен Каравелов" Русе Заемна - подръчен фонд 2023-09-14 Заемна - подръчен фонд 19.95 120000892559 821-31/Б 78 С 120000892559 10.20 Книги
Vip Innovations Ltd, Rousse, Bulgaria 2025